Hauptstädte am Nächsten Nach Bangkok - Statistiken

Allgemein
  • Dieses Quiz wurde 108 mal gespielt
  • Das Durchschnittsergebnis liegt bei 16 aus 21
Antworten auf der Karte
Die Antworten werden auf der Karte rot bzw. grün angezeigt, abhängig davon wie oft sie richtig erraten wurden.
 
Antwortstatistiken
km Hauptstadt % Korrekt
990 Hanoi
96%
1431 Singapur
96%
3296 Peking
95%
1187 Kuala Lumpur
94%
2912 Neu-Delhi
89%
2214 Manila
87%
2325 Jakarta
84%
3722 Seoul
81%
2204 Kathmandu
80%
3542 Islamabad
78%
2543 Taipeh
77%
521 Vientiane
77%
1532 Dhaka
75%
541 Phnom Penh
73%
3743 Pjöngjang
72%
3140 Malé
66%
3717 Dili
57%
2373 Colombo
56%
1893 Thimphu
56%
1866 Bandar Seri Begawan
51%
813 Naypyidaw
39%
Keine übereinstimmenden Quizze gefunden
Verteilung der Resultate
Anzahl Personen mit jedem Resultat
Perzentil nach korrekt beantworteten Fragen
Ihre Resultats-Entwicklung
Sie haben dieses Quiz noch nicht gespielt